00638nam a2200241Ia 450000500170000000800460001702000180006303700100008104000080009104000080009904000080010704100080011504100080012308400080013110000770013924500550021624500270027126000230029826000090032136500050033036500080033585600530034320260324135252.0008 260324s9999 xx 000 0 eng d a9781315071602 aEBOOK aCRL beng cCRL 2eng aeng qCRL aNikolai N. Egorov; Vladimir M. Novikov; Frank L. Parker; Victor K. Popov 4aThe Radiation Legacy of the Soviet Nuclear Complex 3bAn Analytical Overview bTaylor and Francis c2000 a b230 uhttp://www.taylorfrancis.com/books/9781315071602